[Event "POR-ch Seniors 65+"]
[Site "Luso"]
[Date "2017.04.11"]
[Round "4"]
[White "Marcelino, Jose de Jesus Ferre"]
[Black "Assuncao, Jose Manuel Lopes"]
[Result "0-1"]
[WhiteElo "1295"]
[BlackElo "1379"]
[PlyCount "80"]
[EventDate "2017.04.09"]
[EventType "swiss"]
[EventRounds "5"]
[EventCountry "POR"]
[SourceTitle "EXT 2018"]
[Source "ChessBase"]
[SourceDate "2017.10.13"]
[SourceVersion "1"]
[SourceVersionDate "2017.10.13"]
[SourceQuality "1"]

1. c4 d5 2. cxd5 Qxd5 3. Nc3 Qd8 4. Nf3 Nf6 5. e3 e6 6. d4 Be7 7. Be2 c6 8. 0-0 0-0 9. e4 h6 10. e5 Nd5 11. Bd2 Nd7 12. a3 Qc7 13. b4 f6 14. Qb1 fxe5 15. Be3 Nxc3 16. Qd3 Nxe2+ 17. Qxe2 exd4 18. Nxd4 Nf6 19. Qa2 Nd5 20. Rac1 Bf6 21. Qb3 Bd7 22. Nb5 Qd8 23. Nd6 Bc8 24. Ne4 Nxe3 25. Qxe3 Bg5 26. f4 Be7 27. Rfd1 Qc7 28. g3 e5 29. f5 Rxf5 30. Nc5 Bg5 31. Qb3+ Kh8 32. Rc3 Rf8 33. Rcd3 Bg4 34. Ne6 Bxe6 35. Qxe6 Qb6+ 36. Kg2 Rad8 37. Rd7 Rxd7 38. Rxd7 Qf2+ 39. Kh3 h5 40. Qg6 Qf1# 0-1

[Event "POR-ch Seniors 65+"]
[Site "Luso"]
[Date "2016.07.22"]
[Round "2"]
[White "Marcelino, Jose de Jesus Ferre"]
[Black "Videira, Alfredo Batista Men"]
[Result "0-1"]
[WhiteElo "1354"]
[BlackElo "1476"]
[PlyCount "116"]
[EventDate "2016.07.21"]
[EventType "swiss"]
[EventRounds "5"]
[EventCountry "POR"]
[SourceTitle "EXT 2018"]
[Source "ChessBase"]
[SourceDate "2017.10.13"]
[SourceVersion "1"]
[SourceVersionDate "2017.10.13"]
[SourceQuality "1"]

1. c4 Nf6 2. Nf3 g6 3. d4 Bg7 4. Nc3 d5 5. Ne5 0-0 6. c5 c6 7. b4 Nbd7 8. Bf4 Nh5 9. Nxd7 Bxd7 10. Be3 Re8 11. Qd2 e5 12. Nd1 Bf5 13. g3 exd4 14. Bxd4 Bxd4 15. Qxd4 Re4 16. Qd2 Rc4 17. Ne3 Qf6 18. Rd1 Re4 19. Bg2 Ree8 20. 0-0 Ng7 21. g4 Bd7 22. h3 Qf4 23. Bf3 a5 24. a3 axb4 25. axb4 Ra4 26. Qd4 Rxb4 27. Qxf4 Rxf4 28. Rc1 Ra4 29. Rb1 Rb8 30. Rfc1 Ne6 31. Nd1 Ra5 32. Nb2 Nxc5 33. Rc2 h5 34. Kh2 hxg4 35. hxg4 f5 36. g5 f4 37. e3 Bf5 38. Rbc1 Bxc2 39. Rxc2 fxe3 40. fxe3 Re8 41. Re2 Ne4 42. Rg2 Re5 43. Nd3 Rxg5 44. Bxe4 Rh5+ 45. Kg3 dxe4 46. Nf4 Rhg5+ 47. Kh4 Rxg2 48. Nxg2 Rh5+ 49. Kg4 Ra5 50. Kf4 Ra4 51. Ke5 Kf7 52. Nf4 Ra5+ 53. Kxe4 Ra4+ 54. Ke5 Rxf4 55. exf4 Ke7 56. Ke4 Ke6 57. Kd4 Kf5 58. Ke3 b5 0-1

[Event "POR-ch prel"]
[Site "Lisbon"]
[Date "2015.03.11"]
[Round "6"]
[White "Marcelino, Jose de Jesus Ferre"]
[Black "Alves, Fernando Pereira"]
[Result "0-1"]
[WhiteElo "1331"]
[BlackElo "1724"]
[PlyCount "118"]
[EventDate "2015.03.08"]
[EventType "swiss"]
[EventRounds "9"]
[EventCountry "POR"]
[SourceTitle "EXT 2018"]
[Source "ChessBase"]
[SourceDate "2017.10.13"]
[SourceVersion "1"]
[SourceVersionDate "2017.10.13"]
[SourceQuality "1"]

1. c4 Nf6 2. d4 c5 3. d5 b5 4. b3 g6 5. Bb2 Bg7 6. Nf3 d6 7. Nbd2 Qa5 8. e3 Nbd7 9. Be2 0-0 10. 0-0 a6 11. a4 bxa4 12. Rxa4 Qc7 13. Bc3 Nb6 14. Ba5 Qb7 15. Ra2 Rb8 16. e4 Ng4 17. h3 Ne5 18. Nxe5 Bxe5 19. Nf3 Bg7 20. Qd3 Nd7 21. Rb1 Nf6 22. Nh2 Nxe4 23. Bf3 Nf6 24. Ra3 Bf5 25. Qd1 Bxb1 26. Qxb1 Nd7 27. Ng4 Ne5 28. Be2 Ra8 29. Ra4 Qd7 30. f3 Rab8 31. Qa2 Nxg4 32. hxg4 Bd4+ 33. Kh2 e6 34. g3 exd5 35. cxd5 Qe7 36. Bc4 Rfe8 37. Bd2 Qb7 38. Bf4 Be5 39. Rxa6 Ra8 40. Qa4 Bxf4 41. gxf4 Reb8 42. Qc6 Rxa6 43. Qxa6 Qxa6 44. Bxa6 Rxb3 45. Kg3 Kg7 46. g5 h5 47. gxh6+ Kxh6 48. Kg4 Rb2 49. f5 g5 50. f4 Rb4 51. Bc8 Rxf4+ 52. Kg3 c4 53. Ba6 Kg7 54. Bb5 Kf6 55. Ba4 Ke5 56. Bc2 Kd4 57. f6 Ke3 58. Bh7 c3 59. Bb1 Kd4 0-1

[Event "POR-ch prel"]
[Site "Famalicao"]
[Date "2014.07.12"]
[Round "8"]
[White "Marcelino, Jose de Jesus Ferre"]
[Black "Romano, Joao Manuel Pereira"]
[Result "0-1"]
[WhiteElo "1388"]
[BlackElo "1594"]
[PlyCount "62"]
[EventDate "2014.07.06"]
[EventType "swiss"]
[EventRounds "9"]
[EventCountry "POR"]
[SourceTitle "EXT 2015"]
[Source "ChessBase"]
[SourceDate "2014.11.20"]
[SourceVersion "1"]
[SourceVersionDate "2014.11.20"]
[SourceQuality "1"]

1. c4 Nf6 2. d4 e6 3. Nc3 Bb4 4. Qc2 0-0 5. Bg5 h6 6. Bh4 d6 7. Nf3 b6 8. e4 Bxc3+ 9. Qxc3 g5 10. Nxg5 hxg5 11. Bxg5 Nxe4 12. Bxd8 Nxc3 13. Bxc7 Ne4 14. Bd3 Bb7 15. 0-0 Na6 16. Bxe4 Bxe4 17. Bxd6 Rfd8 18. Be5 f5 19. a3 Nb8 20. f3 Bb7 21. f4 Nc6 22. Rf3 Nxe5 23. Rg3+ Ng4 24. h3 Rxd4 25. hxg4 Kf7 26. gxf5 exf5 27. Rc1 Rad8 28. Re1 Be4 29. Rh3 Rd2 30. Rh2 Rxb2 31. Re3 Rd1+ 0-1

[Event "POR-ch prel"]
[Site "Famalicao"]
[Date "2014.07.11"]
[Round "7"]
[White "Guerra, Jose Antonio Goular"]
[Black "Marcelino, Jose de Jesus Ferre"]
[Result "1-0"]
[WhiteElo "1851"]
[BlackElo "1388"]
[PlyCount "64"]
[EventDate "2014.07.06"]
[EventType "swiss"]
[EventRounds "9"]
[EventCountry "POR"]
[SourceTitle "EXT 2015"]
[Source "ChessBase"]
[SourceDate "2014.11.20"]
[SourceVersion "1"]
[SourceVersionDate "2014.11.20"]
[SourceQuality "1"]

1. Nf3 d5 2. d4 Nc6 3. h3 Nf6 4. e3 e6 5. Bb5 Bd7 6. 0-0 Bd6 7. c4 0-0 8. Nbd2 a6 9. Ba4 Na7 10. Bc2 c6 11. e4 dxe4 12. Nxe4 Nxe4 13. Bxe4 Qc7 14. Re1 Rfe8 15. Bc2 c5 16. Ng5 g6 17. Ne4 Be7 18. d5 exd5 19. cxd5 Nc8 20. Qf3 f5 21. Ng5 Bxg5 22. Rxe8+ Bxe8 23. Bxg5 Nd6 24. Re1 Bd7 25. Bf4 Qb6 26. Re7 Bb5 27. Re6 Rd8 28. Qg3 Bc4 29. Rxd6 Rxd6 30. Bxd6 Bxd5 31. Qe5 Qc6 32. Qe7 c4 1-0

[Event "POR-ch prel"]
[Site "Famalicao"]
[Date "2014.07.07"]
[Round "2"]
[White "Pereira, Carlos Marco Carval"]
[Black "Marcelino, Jose de Jesus Ferre"]
[Result "1-0"]
[WhiteElo "1604"]
[BlackElo "1388"]
[PlyCount "85"]
[EventDate "2014.07.06"]
[EventType "swiss"]
[EventRounds "9"]
[EventCountry "POR"]
[SourceTitle "EXT 2015"]
[Source "ChessBase"]
[SourceDate "2014.11.20"]
[SourceVersion "1"]
[SourceVersionDate "2014.11.20"]
[SourceQuality "1"]

1. d4 d5 2. c4 b6 3. cxd5 Qxd5 4. Nc3 Qd7 5. Nf3 Bb7 6. e4 e6 7. Ne5 Qe7 8. Bd3 a6 9. 0-0 Nf6 10. Bg5 h6 11. Bh4 g5 12. Bg3 Bg7 13. Re1 0-0 14. d5 Nbd7 15. dxe6 Qxe6 16. Nxd7 Qxd7 17. Qe2 b5 18. Rad1 c5 19. Bxb5 Qg4 20. Qxg4 Nxg4 21. Bd7 Bxc3 22. bxc3 Nf6 23. Bf5 Rfe8 24. f3 Nh5 25. Bf2 c4 26. Rd6 f6 27. Bg6 Nf4 28. Bxe8 Rxe8 29. Rxf6 h5 30. Bd4 Nd3 31. Rb1 Bxe4 32. fxe4 Rxe4 33. Rb8+ Kh7 34. Rf1 g4 35. Rh8+ Kg6 36. Rf6+ Kg5 37. Rg8+ Kh4 38. g3+ Kh3 39. Rh8 Re1+ 40. Rf1 Rxf1+ 41. Kxf1 Kxh2 42. Bf2 Nxf2 43. Kxf2 1-0

[Event "EU-ch Seniors 65 Rapid"]
[Site "Porto"]
[Date "2014.03.19"]
[Round "1"]
[White "Marcelino, Jose de Jesus Ferre"]
[Black "Tsifanskaya, Ludmila A"]
[Result "0-1"]
[WhiteElo "1374"]
[BlackElo "2106"]
[PlyCount "82"]
[EventDate "2014.03.19"]
[EventType "swiss (rapid)"]
[EventRounds "9"]
[EventCountry "POR"]
[SourceTitle "EXT 2015"]
[Source "ChessBase"]
[SourceDate "2014.11.20"]
[SourceVersion "1"]
[SourceVersionDate "2014.11.20"]
[SourceQuality "1"]

1. c4 Nf6 2. Nf3 g6 3. Nc3 Bg7 4. g3 0-0 5. Bg2 d6 6. 0-0 Nc6 7. e3 e5 8. Rb1 Bf5 9. d3 Nb4 10. e4 Bd7 11. a3 Nc6 12. b4 Qc8 13. b5 Nd8 14. a4 Bg4 15. Be3 Ne6 16. Qd2 Bxf3 17. Bxf3 Nd4 18. Bxd4 exd4 19. Ne2 Nd7 20. Bg2 Nc5 21. f4 Nxa4 22. Qb4 Nc5 23. Rbd1 a6 24. Qb2 axb5 25. Nxd4 Na4 26. Qf2 bxc4 27. dxc4 Nc3 28. Rd2 c5 29. Nb5 Nxb5 30. cxb5 Bd4 31. Rxd4 cxd4 32. Qf3 Qc5 33. Rb1 Ra2 34. h4 d3+ 35. Kh2 Qc2 36. Rd1 Rc8 37. Rxd3 Qe2 38. Re3 Qxf3 39. Rxf3 Rcc2 40. Rd3 Rxg2+ 41. Kh3 h5 0-1

[Event "EU-ch Seniors 65 14th"]
[Site "Porto"]
[Date "2014.03.15"]
[Round "7"]
[White "Tveten, Per"]
[Black "Marcelino, Jose de Jesus Ferre"]
[Result "1-0"]
[WhiteElo "1584"]
[BlackElo "1404"]
[PlyCount "101"]
[EventDate "2014.03.09"]
[EventType "swiss"]
[EventRounds "9"]
[EventCountry "POR"]
[SourceTitle "CBM 159 Extra"]
[Source "ChessBase"]
[SourceDate "2014.04.24"]
[SourceVersion "1"]
[SourceVersionDate "2014.04.24"]
[SourceQuality "1"]

1. e4 c5 2. Nf3 Nc6 3. Nc3 e5 4. Bb5 Nge7 5. d3 a6 6. Bc4 b5 7. Bb3 h6 8. a3 d6 9. h3 Bd7 10. 0-0 Nc8 11. Nd5 Nb6 12. Nxb6 Qxb6 13. c4 Be6 14. cxb5 Bxb3 15. Qxb3 Qxb5 16. Qxb5 axb5 17. Bd2 Be7 18. Rfb1 0-0 19. b4 Rfb8 20. Bc3 f6 21. Nh4 Kf7 22. Nf5 Bf8 23. Ne3 Ke6 24. Nd5 Rb7 25. f4 f5 26. bxc5 dxc5 27. fxe5 Nxe5 28. Nf4+ Kd6 29. exf5 Ra4 30. d4 cxd4 31. Bb4+ Rxb4 32. Rxb4 Kc6 33. Rb3 Bc5 34. Kf1 Nc4 35. Ke2 Re7+ 36. Ne6 Bb6 37. Rc1 Rd7 38. a4 Rd5 39. axb5+ Kd6 40. Rxc4 Re5+ 41. Kd1 Ba5 42. Rxd4+ Ke7 43. g4 Re1+ 44. Kc2 Re2+ 45. Kd3 Rd2+ 46. Ke4 Rc2 47. b6 Rc8 48. b7 Rb8 49. Rc4 Kd7 50. Nxg7 Bd8 51. Rd4+ 1-0

[Event "POR-ch prel"]
[Site "Lisbon"]
[Date "2013.07.21"]
[Round "9.31"]
[White "Silva, Jose Antonio Duarte"]
[Black "Marcelino, Jose de Jesus Ferre"]
[Result "1-0"]
[WhiteElo "1619"]
[BlackElo "1387"]
[PlyCount "100"]
[EventDate "2013.07.15"]
[EventType "swiss"]
[EventRounds "9"]
[EventCountry "POR"]
[SourceTitle "EXT 2015"]
[Source "ChessBase"]
[SourceDate "2014.11.20"]
[SourceVersion "1"]
[SourceVersionDate "2014.11.20"]
[SourceQuality "1"]

1. e4 c5 2. Nf3 b6 3. d4 cxd4 4. Nxd4 Bb7 5. Bd3 e5 6. Nf5 Nf6 7. Qe2 g6 8. Nh6 d5 9. exd5 Qxd5 10. 0-0 e4 11. Nc3 Qh5 12. Bb5+ Nbd7 13. Bxd7+ Nxd7 14. Qxh5 gxh5 15. Nf5 Nf6 16. Bg5 Nd7 17. g3 f6 18. Be3 Ne5 19. Rfd1 Rd8 20. Nb5 Rxd1+ 21. Rxd1 Bc5 22. Nbd6+ Bxd6 23. Nxd6+ Kf8 24. Nxb7 Kg7 25. Kg2 Kg6 26. Bf4 Nc6 27. Rd2 a6 28. Nd6 f5 29. Nxe4 Rd8 30. Rxd8 Nxd8 31. Nd6 Ne6 32. Be3 b5 33. c4 Nc7 34. Bb6 Na8 35. c5 Kf6 36. f4 Ke6 37. Ne8 Kd7 38. Nf6+ Kc6 39. b4 Nxb6 40. cxb6 Kxb6 41. Kf2 a5 42. a3 a4 43. Ke3 Kc6 44. Kd4 Kd6 45. Nxh7 Ke6 46. Ng5+ Kd6 47. Nf7+ Ke6 48. Ne5 Kd6 49. Nd3 Ke6 50. Kc5 Kf6 1-0

[Event "POR-ch prel"]
[Site "Lisbon"]
[Date "2013.07.17"]
[Round "4.30"]
[White "Correia, Alexandre Miguel"]
[Black "Marcelino, Jose de Jesus Ferre"]
[Result "1-0"]
[WhiteElo "1707"]
[BlackElo "1387"]
[PlyCount "70"]
[EventDate "2013.07.15"]
[EventType "swiss"]
[EventRounds "9"]
[EventCountry "POR"]
[SourceTitle "EXT 2015"]
[Source "ChessBase"]
[SourceDate "2014.11.20"]
[SourceVersion "1"]
[SourceVersionDate "2014.11.20"]
[SourceQuality "1"]

1. e4 c5 2. Nf3 Nc6 3. Bb5 Qc7 4. c3 a6 5. Ba4 b5 6. Bc2 c4 7. 0-0 e5 8. d4 cxd3 9. Qxd3 Be7 10. Be3 Nf6 11. Nbd2 0-0 12. h3 d6 13. a4 bxa4 14. Nc4 Rb8 15. Rxa4 a5 16. Qe2 Ba6 17. Bd3 Bb5 18. Ra2 a4 19. Ncd2 Bxd3 20. Qxd3 Ra8 21. Rfa1 Rfb8 22. b4 Nd8 23. Rxa4 Rxa4 24. Rxa4 Ne6 25. g3 h6 26. Ra7 Rb7 27. Rxb7 Qxb7 28. Nh4 Bf8 29. Nf5 d5 30. exd5 e4 31. Nxe4 Nxd5 32. Bc5 Bxc5 33. Nxc5 Nxc5 34. bxc5 Qc6 35. Qxd5 Qe6 1-0

[Event "POR-ch Seniors"]
[Site "Fatima"]
[Date "2013.03.26"]
[Round "5.11"]
[White "Marcelino, Jose de Jesus Ferre"]
[Black "Fernandes, Jose Palma"]
[Result "0-1"]
[WhiteElo "1407"]
[BlackElo "1554"]
[PlyCount "58"]
[EventDate "2013.03.23"]
[EventType "swiss"]
[EventRounds "7"]
[EventCountry "POR"]
[SourceTitle "EXT 2015"]
[Source "ChessBase"]
[SourceDate "2014.11.20"]
[SourceVersion "1"]
[SourceVersionDate "2014.11.20"]
[SourceQuality "1"]

1. e4 c5 2. b3 Nc6 3. Bb2 d6 4. Bb5 e6 5. c4 Bd7 6. Ne2 Nf6 7. d3 Be7 8. 0-0 0-0 9. Qd2 a6 10. Bxc6 Bxc6 11. a4 Qc7 12. Nbc3 Rfd8 13. Nd1 d5 14. exd5 exd5 15. Ne3 d4 16. Nd1 Bd6 17. f4 Re8 18. Ng3 Ng4 19. Bc1 Ne3 20. Nxe3 dxe3 21. Qe2 Bxf4 22. Bb2 Bxg3 23. hxg3 Qxg3 24. d4 cxd4 25. Bxd4 Rad8 26. Rad1 Rd6 27. c5 Rg6 28. Rf3 Bxf3 29. Qxf3 Qxf3 0-1

[Event "POR-ch Seniors"]
[Site "Fatima"]
[Date "2013.03.23"]
[Round "1.11"]
[White "Dias, Augusto Martins"]
[Black "Marcelino, Jose de Jesus Ferre"]
[Result "1-0"]
[WhiteElo "1730"]
[BlackElo "1407"]
[PlyCount "150"]
[EventDate "2013.03.23"]
[EventType "swiss"]
[EventRounds "7"]
[EventCountry "POR"]
[SourceTitle "EXT 2015"]
[Source "ChessBase"]
[SourceDate "2014.11.20"]
[SourceVersion "1"]
[SourceVersionDate "2014.11.20"]
[SourceQuality "1"]

1. e4 e5 2. Nf3 Nc6 3. Bc4 Be7 4. 0-0 Nf6 5. Re1 0-0 6. a3 a6 7. c3 b5 8. Bb3 Bb7 9. d4 exd4 10. cxd4 Na5 11. Bc2 Nc4 12. d5 d6 13. b3 Ne5 14. Bb2 Nfd7 15. Nbd2 Re8 16. Nf1 Bf6 17. Rb1 Nxf3+ 18. Qxf3 Ne5 19. Qd1 c6 20. f4 Ng6 21. dxc6 Bxc6 22. f5 Ne5 23. Bc1 d5 24. Qe2 d4 25. Rd1 Qb6 26. Kh1 Rad8 27. h3 b4 28. a4 a5 29. Ng3 Bb7 30. Nh5 Ba6 31. Qf2 Qd6 32. Nxf6+ gxf6 33. Bh6 Kh8 34. Rd2 Rg8 35. Rbd1 d3 36. Bb1 Qd4 37. Qh4 Qb6 38. Be3 Qc6 39. Bc5 Rg5 40. Qh6 Rdg8 41. Be7 R5g6 42. fxg6 Rxg6 43. Qh4 Kg7 44. Qf2 Qe6 45. Qc5 Qxb3 46. Qxa5 Bc4 47. Qxb4 Nc6 48. Qd6 Qxa4 49. Bxd3 f5 50. Bxc4 Rxd6 51. Bxd6 Qxc4 52. Ba3 Qxe4 53. Bb2+ Kg6 54. Rd6+ Kh5 55. Bc1 f4 56. R1d5+ Ne5 57. Rd1 Kh4 58. Bxf4 Qxf4 59. R6d4 Kg3 60. Rxf4 Kxf4 61. Rf1+ Kg3 62. Rf5 Nd3 63. Rf3+ Kh4 64. Rxd3 f5 65. Rf3 Kg5 66. g3 h6 67. Rf4 h5 68. Kg2 Kf6 69. Kf3 Kg5 70. h4+ Kf6 71. Ke3 Ke5 72. Kd3 Ke6 73. Kd4 Kf6 74. Kd5 Kf7 75. Rxf5+ Kg6 1-0

[Event "POR-ch prel"]
[Site "Matosinhos"]
[Date "2012.08.09"]
[Round "6.17"]
[White "Santos, Ines Lima"]
[Black "Marcelino, Jose de Jesus Ferre"]
[Result "1-0"]
[WhiteElo "1719"]
[BlackElo "1376"]
[PlyCount "103"]
[EventDate "2012.08.04"]
[EventType "swiss"]
[EventRounds "9"]
[EventCountry "POR"]
[SourceTitle "EXT 2015"]
[Source "ChessBase"]
[SourceDate "2014.11.20"]
[SourceVersion "1"]
[SourceVersionDate "2014.11.20"]
[SourceQuality "1"]

1. e4 c5 2. Nf3 Nc6 3. d4 cxd4 4. Nxd4 e5 5. Nb3 Nf6 6. Nc3 Bb4 7. Bd3 0-0 8. 0-0 a6 9. Bg5 Be7 10. a4 Nb4 11. Bc4 b6 12. Ne2 Bb7 13. c3 Nc6 14. Nd2 a5 15. Ng3 Na7 16. Rb1 d5 17. Bxf6 Bxf6 18. exd5 Bxd5 19. Nh5 Bxc4 20. Nxf6+ Qxf6 21. Nxc4 Rad8 22. Qe2 Rfe8 23. Rbd1 Rc8 24. Nd6 Re6 25. Nxc8 Nxc8 26. Qb5 g6 27. Qd7 Ne7 28. Qe8+ Kg7 29. Rd8 Kh6 30. Qf8+ Kg5 31. Qh8 Qxh8 32. Rxh8 Kh6 33. Rd1 Kg7 34. Rhd8 h5 35. R8d6 Kf6 36. h3 Nf5 37. Rxe6+ Kxe6 38. Re1 Kd5 39. b4 f6 40. bxa5 bxa5 41. Rb1 Nd6 42. Rb6 Kc5 43. Ra6 Ne4 44. Rxa5+ Kc4 45. Ra8 Nxc3 46. Rc8+ Kb4 47. Rxc3 Kxc3 48. a5 f5 49. a6 f4 50. a7 e4 51. a8Q Kd3 52. Qd5+ 1-0

[Event "POR-ch prel"]
[Site "Matosinhos"]
[Date "2012.08.08"]
[Round "5.15"]
[White "Marcelino, Jose de Jesus Ferre"]
[Black "Dias, Ivo Rodrigues"]
[Result "0-1"]
[WhiteElo "1376"]
[BlackElo "1819"]
[PlyCount "56"]
[EventDate "2012.08.04"]
[EventType "swiss"]
[EventRounds "9"]
[EventCountry "POR"]
[SourceTitle "EXT 2015"]
[Source "ChessBase"]
[SourceDate "2014.11.20"]
[SourceVersion "1"]
[SourceVersionDate "2014.11.20"]
[SourceQuality "1"]

1. c4 e5 2. Nc3 Nc6 3. d3 g6 4. Nf3 Bg7 5. g3 Nge7 6. Bg2 0-0 7. 0-0 d6 8. Rb1 a5 9. a3 f5 10. Bg5 h6 11. Bxe7 Nxe7 12. Nd2 f4 13. b4 axb4 14. axb4 g5 15. b5 g4 16. Nd5 h5 17. Nxe7+ Qxe7 18. Ne4 h4 19. f3 fxg3 20. hxg3 hxg3 21. Nxg3 Bh6 22. Kf2 Qh4 23. Rh1 Be3+ 24. Kxe3 Qxg3 25. Rg1 Ra2 26. Qe1 Rxf3+ 27. Bxf3 Qf4+ 28. Kf2 Qxf3# 0-1